000 00518ntaaa2200193 4500
003 01
005 20251027202137.0
008 0714s1973 ag 01
040 _aAR-BaBN
_bspa
_cAR-BaBN
_eaacr
_dRIC
082 _a262.0600 B26
100 _aBarnes, William Wright
_919901
245 _aThe Southern Baptist Convention
250 _a1 ed.
260 _aSeminary Hill :
_bWilliam Wright Barnes,
_c1934, 1946
300 _a80 p
500 _aLa eclesiologĂ­a bautista
650 _aeclesiologĂ­a bautista
942 _cBK
999 _c16348
_d16348